Audacious kids : coming of age in America's classic children's books

Αποθηκεύτηκε σε:
Λεπτομέρειες βιβλιογραφικής εγγραφής
Κύριος συγγραφέας: Griswold, Jerome
Μορφή: Βιβλίο
Γλώσσα:English
Δημοσίευση: New York : Oxford University Press, 1992
Θέματα:
Ετικέτες: Προσθήκη ετικέτας
Δεν υπάρχουν, Καταχωρήστε ετικέτα πρώτοι!

MARC

LEADER 00000nam a2200000 i 4500
001 1/74460
008 980622s1992 eng d
020 |a 0-19-505888-7 
035 |l 10031817 
035 |a 1995  |b 2  |c Ζερβού 
040 |a GR-MY-UA  |b gre  |e aacr 
041 0 |a eng 
082 0 |a 813.099282  |2 (20) 
100 1 |a Griswold, Jerome. 
245 1 0 |a Audacious kids :  |b coming of age in America's classic children's books /  |c Jerry Griswold 
260 |a New York :   |b Oxford University Press,   |c 1992 
300 |a xiv, 285 p.;  |b ill.;  |c 22 cm 
504 |a Includes bibliographical references and index 
650 0 0 |a Children's stories, American  |x History and criticism. 
650 0 0 |a Children  |z United States  |x Books and reading. 
852 |a INST  |b RHODES  |e 19980622  |h 813.0099282 GRI  |p 005400005455  |q 005400005455  |t BK  |y 0 
909 |a Ρ  |b 042292  |c 1995